| 000 | 00824nac a22002171u 4500 | ||
|---|---|---|---|
| 020 | _a0824720008 | ||
| 082 |
_a620.00452 _bM6891 |
||
| 090 |
_c4013 _d4013 |
||
| 100 | _aModarres, Mohammad | ||
| 245 |
_aReliability engineering and risk analysis: _bA practical guide / _cMohammad Modarres, Mark Kaminskiy & Vasiliy Krivtsov |
||
| 260 |
_aNew York : _bMarcel Dekker, 1999 _c1999 |
||
| 300 |
_a542p.; _c22 cm. + _e1 Computer disk( 3 1/2) |
||
| 440 |
_aQuality and reliability _n55 |
||
| 504 | _aIncludes index | ||
| 650 | _aRelibility (Engineering) | ||
| 650 | _aRisk assessment | ||
| 700 | _aKaminskiy, Mark | ||
| 700 | _aKrivtsov, Vasiliy | ||
| 942 |
_cBB _k620.00452 M6891 |
||
| 999 |
_c4013 _d4013 |
||